000
00286nam a22001217a 4500
008
170523b xxu||||| |||| 00| 0 eng d
041
_a
eng
080
_a
94(6)
100
_a
16
101
_a
SHH
245
_a
MARSH LION THE STORY OF SN AFRICAN PTIDE
_c
MAN.B.J
942
_2
udc
_c
BK
999
_c
13879
_d
13879